Central Library OPAC University of Rajshahi
Normal view MARC view

Entry Personal Name

Number of records used in: 3

001 - CONTROL NUMBER

  • control field: 7710

003 - CONTROL NUMBER IDENTIFIER

  • control field: BD-RjUL

005 - DATE AND TIME OF LATEST TRANSACTION

  • control field: 20230528155100.0

008 - FIXED-LENGTH DATA ELEMENTS

  • fixed length control field: 230528|| aca||aabn | a|a d

040 ## - CATALOGING SOURCE

  • Original cataloging agency: BD-RjUL
  • Transcribing agency: BD-RjUL

100 ## - HEADING--PERSONAL NAME

  • Personal name: Bhuiyan, Shafiqul Alam
  • Geographic subdivision: Biography

670 ## - SOURCE DATA FOUND

  • Source citation: Work cat.: (BD-RjUL)81471: ভূঁইয়া, শফিকুল আলম 7706, জীবন থেকে নেয়া /